000 01027nam a2200313 a 4500
001 000110484
003 CHAP
005 20220329144135.0
008 140903s2013 mx a |r| ||||||spa d
010 _a106946
011 _a107918
020 _a9786070240188
040 _cCHAP
082 0 4 _a338.1972
_bC93
245 1 3 _aLa crisis alimentaria mundial :
_bimpacto sobre el campo mexicano /
_ccoordinado por Blanca Rubio.
260 _aMéxico :
_bUNAM. Instituto de Investigaciones Sociales
_bMiguel Ánguel Porrúa,
_c2013.
300 _a304 p. :
_bil.
590 _aE5995AHE
_b05
_c20140903
_lUCH01
_h1207
590 _aE5995AHE
_b05
_c20140903
_lUCH01
_h1222
650 1 4 _aAgricultura
_xAspectos económicos
_zMéxico
_91312
650 1 4 _aAlimentos
_xAbastecimiento
_xMéxico.
_94132
650 1 4 _aAlimentos
_xIndustria.
_94227
650 1 4 _aCostos y nivel de vida
_zMéxico.
_928549
650 1 4 _aCrisis económica.
_928975
700 0 _aRubio, Blanca
_e, coord.
_9100499
901 _aBK
942 _cLIBRO
942 _n0
999 _c106946
_d106946